[Event "Orissa op"]
[Site "Bhubaneswar IND"]
[Date "2011.05.31"]
[Round "5"]
[White "Majumdar, Chandrasish"]
[Black "Sai Krishna, GV."]
[Result "1/2-1/2"]
[WhiteElo "2182"]
[BlackElo "2349"]
[PlyCount "89"]
[EventDate "2011.05.28"]
[EventType "swiss"]
[EventRounds "11"]
[EventCountry "IND"]
[Source "Mark Crowther"]
[SourceDate "2011.06.06"]

1. e4 e5 2. Nf3 Nc6 3. Bb5 a6 4. Ba4 d6 5. c4 Nf6 6. d4 Bd7 7. d5 Nb8 8. Nc3 g6
9. Qb3 b6 10. Bxd7+ Nbxd7 11. Qc2 Bg7 12. h3 h6 13. Be3 Nh5 14. Ne2 O-O 15.
O-O-O b5 16. c5 dxc5 17. Bxc5 Nxc5 18. Qxc5 Nf6 19. Qe3 Ne8 20. Kb1 Nd6 21. Rc1
Nc4 22. Qd3 c5 23. Rxc4 bxc4 24. Qxc4 Qd6 25. Rc1 Rfc8 26. Qd3 c4 27. Rxc4 Rxc4
28. Qxc4 Qb6 29. Qc6 Qxc6 30. dxc6 Rc8 31. Nc3 Rxc6 32. Kc2 f5 33. Kd3 Kf7 34.
Nd2 Rd6+ 35. Nd5 Ke6 36. f3 Bf8 37. Nc4 Rd8 38. a3 Bc5 39. b4 Bd4 40. a4 h5 41.
Nc7+ Kf6 42. Nd5+ Ke6 43. Nc7+ Kf6 44. Nd5+ Ke6 45. Nc7+ 1/2-1/2

[Event "Orissa op"]
[Site "Bhubaneswar IND"]
[Date "2011.06.03"]
[Round "8"]
[White "Sai Krishna, GV."]
[Black "Lalith, Babu MR"]
[Result "0-1"]
[WhiteElo "2349"]
[BlackElo "2491"]
[PlyCount "158"]
[EventDate "2011.05.28"]
[EventType "swiss"]
[EventRounds "11"]
[EventCountry "IND"]
[Source "Mark Crowther"]
[SourceDate "2011.06.06"]

1. e4 g6 2. d4 Bg7 3. Nc3 c6 4. Nf3 d6 5. a4 Nf6 6. g3 O-O 7. Bg2 Bg4 8. O-O e6
9. Be3 Nbd7 10. Qb1 Bxf3 11. Bxf3 d5 12. e5 Ne8 13. Bg2 c5 14. f4 cxd4 15. Bxd4
Nd6 16. g4 Nc4 17. Qe1 g5 18. f5 Ncxe5 19. Qe2 Re8 20. Nb5 exf5 21. Rxf5 a6 22.
Nd6 Nc6 23. Qxe8+ Qxe8 24. Nxe8 Bxd4+ 25. Kf1 Rxe8 26. Bxd5 Nde5 27. c3 Ba7 28.
Re1 Kf8 29. Rxg5 Bb8 30. b4 Nd8 31. h3 h6 32. Rf5 Kg7 33. b5 axb5 34. axb5 f6
35. c4 Bd6 36. Rf2 Bc5 37. Ra2 Re7 38. Ra8 Ndf7 39. Rc8 b6 40. Kg2 Ra7 41. Re2
Nd6 42. Rg8+ Kh7 43. Rd8 Ndxc4 44. Bxc4 Nxc4 45. Ree8 Ra2+ 46. Kf3 Rf2+ 47. Kg3
Ne5 48. Rc8 Rf3+ 49. Kg2 Rd3 50. Rc7+ Rd7 51. Rxd7+ Nxd7 52. Kf3 Kg6 53. Ke4
Ne5 54. Kd5 Nd3 55. Kc6 Nf4 56. h4 Nd3 57. h5+ Kg5 58. Rg8+ Kf4 59. Kd5 Nf2 60.
Rc8 Be3 61. Rc4+ Kg5 62. Rc3 Nxg4 63. Ke4 f5+ 64. Kf3 Bd4 65. Rc8 Ne5+ 66. Kg3
f4+ 67. Kg2 f3+ 68. Kh1 f2 69. Kg2 Ng4 70. Rf8 Kxh5 71. Rf3 Kg5 72. Kh3 h5 73.
Kg2 Ne5 74. Rf8 Nc4 75. Rg8+ Kf6 76. Rf8+ Ke7 77. Rf4 Nd2 78. Kh2 Be5 79. Kh3
Bxf4 0-1

[Event "Chennai op"]
[Site "Chennai IND"]
[Date "2011.01.18"]
[Round "1.1"]
[White "Sai Krishna, GV."]
[Black "Dzhumaev, Marat"]
[Result "1-0"]
[WhiteElo "2319"]
[BlackElo "2493"]
[PlyCount "121"]
[EventDate "2011.01.18"]
[EventType "swiss"]
[EventRounds "11"]
[EventCountry "IND"]

1. e4 Nf6 2. e5 Nd5 3. d4 d6 4. c4 Nb6 5. exd6 cxd6 6. Nf3 g6 7. h3 Bg7 8. Be2
O-O 9. O-O Nc6 10. Nc3 Bf5 11. Be3 d5 12. c5 Nc4 13. Bc1 b6 14. b3 bxc5 15. g4
cxd4 16. gxf5 Nb6 17. Nb5 d3 18. Bxd3 Bxa1 19. Ng5 Bf6 20. Nxh7 Kxh7 21. fxg6+
Kg7 22. gxf7 Rxf7 23. Bf5 Be5 24. Qg4+ Kf8 25. Be6 Bg7 26. Kh1 Rf6 27. Rg1 Rxe6
28. Qxe6 Qc8 29. Qe3 d4 30. Qg3 Ke8 31. Nc7+ Kd8 32. Nxa8 Nxa8 33. Qh4 Ne5 34.
Qxd4+ Ke8 35. Qe3 Qc6+ 36. f3 Bf6 37. Qe4 Qxe4 38. fxe4 Nc7 39. Be3 a6 40. Rg8+
Kd7 41. Kg2 Nd3 42. Kg3 Nb4 43. h4 Nxa2 44. h5 Nc3 45. Kf3 N3b5 46. Bf4 Ne6 47.
e5 Nbd4+ 48. Ke4 Nxf4 49. Kxf4 Ne6+ 50. Ke4 Bg5 51. Rg6 Bd2 52. h6 Nc5+ 53. Kd5
Nd3 54. Ke4 Nc5+ 55. Kf5 e6+ 56. Kf6 Ne4+ 57. Kf7 Bc3 58. h7 Bxe5 59. Rg7 Nd6+
60. Kg8+ Bxg7 61. Kxg7 1-0

[Event "Chennai op"]
[Site "Chennai IND"]
[Date "2011.01.21"]
[Round "5.1"]
[White "Sai Krishna, GV."]
[Black "Mohanan, UC."]
[Result "1-0"]
[WhiteElo "2319"]
[BlackElo "2010"]
[PlyCount "89"]
[EventDate "2011.01.18"]
[EventType "swiss"]
[EventRounds "11"]
[EventCountry "IND"]

1. e4 c5 2. Nf3 Nc6 3. d4 cxd4 4. Nxd4 Nf6 5. Nc3 d6 6. Bg5 e6 7. Qd2 Be7 8.
O-O-O O-O 9. f4 h6 10. Bh4 Nxe4 11. Bxe7 Nxd2 12. Bxd8 Nxf1 13. Nxc6 bxc6 14.
Be7 Ne3 15. Bxf8 Nxd1 16. Rxd1 Kxf8 17. Rxd6 Ke8 18. Ne4 Rb8 19. Rxc6 Bb7 20.
Rc4 Bd5 21. Rd4 f5 22. Nd6+ Kf8 23. g3 g6 24. Ra4 Ke7 25. Nc4 Bxc4 26. Rxc4 Kf6
27. Rc7 g5 28. c4 a5 29. Ra7 gxf4 30. gxf4 Rd8 31. Rxa5 Rd4 32. Rc5 Rxf4 33. a4
Rd4 34. a5 f4 35. Rc8 Ke7 36. a6 Rd7 37. Rb8 Kd6 38. Rf8 e5 39. b4 Ke7 40. Rh8
Ke6 41. b5 f3 42. Re8+ Kf5 43. Rf8+ Kg4 44. b6 Rd4 45. a7 1-0

[Event "Chennai op"]
[Site "Chennai IND"]
[Date "2011.01.24"]
[Round "9.1"]
[White "Sai Krishna, GV."]
[Black "Babuiian, Levon"]
[Result "1-0"]
[WhiteElo "2319"]
[BlackElo "2456"]
[PlyCount "141"]
[EventDate "2011.01.18"]
[EventType "swiss"]
[EventRounds "11"]
[EventCountry "IND"]

1. e4 e5 2. Nf3 Nc6 3. Bb5 a6 4. Ba4 Nf6 5. O-O Be7 6. Re1 b5 7. Bb3 O-O 8. h3
Bb7 9. d3 d6 10. a3 Qd7 11. Nc3 Rae8 12. Ba2 Nd8 13. Ne2 Ne6 14. Ng3 Bd8 15. c3
c5 16. Kh2 Bc7 17. Nh4 d5 18. Qf3 c4 19. Nhf5 Nf4 20. dxc4 dxe4 21. Qd1 Qc6 22.
cxb5 axb5 23. Ne3 Kh8 24. c4 Rd8 25. Qc2 Nd3 26. Rd1 Bb6 27. b4 Bd4 28. Rb1 Rc8
29. c5 Ra8 30. Ngf5 Rad8 31. Bb3 Nh5 32. g3 Bc8 33. Ne7 Qd7 34. Nxc8 Qxc8 35.
Qe2 g6 36. Bc2 f5 37. Bxd3 exd3 38. Rxd3 f4 39. Ng4 Qf5 40. Bb2 Rde8 41. Rxd4
exd4 42. Bxd4+ Ng7 43. Qb2 Re7 44. Re1 Qd7 45. c6 fxg3+ 46. fxg3 Qxd4 47. Qxd4
Rxe1 48. Qc3 Rff1 49. Qd2 Rh1+ 50. Kg2 Rhg1+ 51. Kh2 Rh1+ 52. Kg2 Rhg1+ 53. Kf3
h5 54. Nf2 Rc1 55. Qd8+ Kh7 56. c7 Rc3+ 57. Nd3 Rgc1 58. Ke4 Rc4+ 59. Ke5 R1c2
60. Nc5 Re2+ 61. Kd5 Nf5 62. c8=Q Ne7+ 63. Qxe7+ Rxe7 64. Kc6 Rc3 65. Kxb5 Rxa3
66. Qd8 Rf7 67. Ne4 Rf5+ 68. Kc4 Ra7 69. Ng5+ Kh6 70. h4 Rc7+ 71. Qxc7 1-0

[Event "Chennai op"]
[Site "Chennai IND"]
[Date "2011.01.25"]
[Round "10.1"]
[White "Sai Krishna, GV."]
[Black "Roy Chowdhury, Saptarshi"]
[Result "0-1"]
[WhiteElo "2319"]
[BlackElo "2449"]
[PlyCount "140"]
[EventDate "2011.01.18"]
[EventType "swiss"]
[EventRounds "11"]
[EventCountry "IND"]

1. e4 c5 2. Nf3 Nc6 3. d4 cxd4 4. Nxd4 g6 5. c4 Bg7 6. Be3 Nf6 7. Nc3 O-O 8.
Be2 b6 9. O-O Bb7 10. Ndb5 d6 11. Qd2 Nd7 12. Nd5 a6 13. Nbc3 e6 14. Nf4 Nc5
15. f3 Qe7 16. Rab1 a5 17. a3 a4 18. Rfe1 Nb3 19. Qd3 Nc5 20. Qd2 Rfd8 21. Rbd1
Nb3 22. Qd3 Nc5 23. Qc2 Qf6 24. Nh3 Qe7 25. Bf1 Rdc8 26. Qd2 Rd8 27. Qf2 Ba6
28. Qc2 Bb7 29. Nf2 Ba6 30. Nxa4 Nxa4 31. Qxa4 Rdc8 32. Qc2 Na5 33. b3 b5 34.
Bd2 Nb7 35. Bb4 bxc4 36. bxc4 Qc7 37. Qd2 Qb6 38. Rb1 Qc6 39. Bc3 e5 40. Rec1
Nc5 41. Bb4 h5 42. Nd1 Kh7 43. Rc3 Bh6 44. Qf2 Ne6 45. Ne3 Bxe3 46. Qxe3 Qd7
47. Rd1 Nd4 48. f4 Bb7 49. Bxd6 Qxd6 50. fxe5 Qxe5 51. Rxd4 Rc7 52. Rcd3 Bc6
53. Qg3 Qe7 54. Kh1 Ra5 55. Qf4 Re5 56. Re3 Kg7 57. h3 Ra7 58. Be2 Re6 59. Qb8
Ra8 60. Qb4 Qf6 61. c5 Ra4 62. Qxa4 Bxa4 63. Rxa4 Qf2 64. Rf3 Qxe2 65. Ra7 Rf6
66. Rxf6 Kxf6 67. c6 Qf1+ 68. Kh2 Qf4+ 69. Kh1 Qc1+ 70. Kh2 Qxc6 0-1

[Event "Chennai op"]
[Site "Chennai IND"]
[Date "2011.01.26"]
[Round "11.1"]
[White "Venkatesh, Marani Rajendran"]
[Black "Sai Krishna, GV."]
[Result "1-0"]
[WhiteElo "2468"]
[BlackElo "2319"]
[PlyCount "102"]
[EventDate "2011.01.18"]
[EventType "swiss"]
[EventRounds "11"]
[EventCountry "IND"]

1. Nf3 Nf6 2. g3 g6 3. d3 d6 4. Bg2 Bg7 5. O-O O-O 6. e4 e5 7. c3 c5 8. Re1 Nc6
9. a3 a5 10. a4 h6 11. Na3 Be6 12. Qc2 Rc8 13. Bd2 Re8 14. Rad1 Qd7 15. Bc1 Qc7
16. Nb5 Qb8 17. Nd2 Rcd8 18. Nc4 d5 19. Nb6 Bf8 20. h3 Na7 21. c4 dxe4 22. dxe4
Nc6 23. Nd5 Bxd5 24. cxd5 Nd4 25. Qc4 b6 26. Kh2 Bg7 27. Rd3 Re7 28. f4 Nh5 29.
f5 Kh7 30. Rf1 Nf6 31. g4 g5 32. h4 Nxg4+ 33. Kg3 h5 34. hxg5 Ne2+ 35. Kf3 Nd4+
36. Kg3 Ne2+ 37. Kh4 Nf4 38. Rg3 Rg8 39. d6 Rd7 40. Rxf4 exf4 41. Bxf4 Qd8 42.
Kxh5 Nf6+ 43. gxf6 Qxf6 44. e5 Qxf5+ 45. Rg5 Qe6 46. Be4+ Kh8 47. Qxe6 fxe6 48.
Nc7 Rb8 49. Nxe6 Bf8 50. Nxf8 Rxf8 51. e6 Ra7 1-0

[Event "Parsvnath op"]
[Site "New Delhi IND"]
[Date "2011.01.08"]
[Round "1.17"]
[White "Danielsen, Henrik"]
[Black "Sai Krishna, GV."]
[Result "1/2-1/2"]
[WhiteElo "2519"]
[BlackElo "2319"]
[PlyCount "95"]
[EventDate "2011.01.08"]
[EventType "swiss"]
[EventRounds "11"]
[EventCountry "IND"]
[Source "Mark Crowther"]
[SourceDate "2011.01.17"]

1. d4 d5 2. Bf4 Nf6 3. e3 e6 4. Nd2 c5 5. c3 Nc6 6. Ngf3 Be7 7. Bd3 Nh5 8. Be5
f6 9. Bg3 g6 10. O-O O-O 11. a3 a6 12. b4 c4 13. Bc2 Nxg3 14. hxg3 f5 15. Ne5
Nxe5 16. dxe5 h5 17. f4 Kg7 18. Kf2 Rh8 19. Rh1 Qe8 20. Nf3 Bd7 21. a4 b6 22.
Qd4 Qd8 23. a5 b5 24. Rh2 Qc7 25. Rah1 Raf8 26. Bd1 Be8 27. Be2 Bf7 28. Rh3 Rb8
29. R1h2 Rh7 30. Qd1 Rbh8 31. Nd4 Qc8 32. Qh1 Bg8 33. Bf3 Bd8 34. Be2 Be7 35.
Rh4 Bd8 36. Qd1 Be7 37. Nf3 Bf7 38. Qd4 Qc7 39. Rh1 Bg8 40. Ng5 Bxg5 41. fxg5
Bf7 42. Qf4 Be8 43. R4h3 Qa7 44. Bf3 Rf8 45. Ke2 Rfh8 46. Kd2 Kg8 47. Rf1 Kf7
48. Bd1 1/2-1/2

[Event "Parsvnath op"]
[Site "New Delhi IND"]
[Date "2011.01.08"]
[Round "2.19"]
[White "Sai Krishna, GV."]
[Black "Sriram, Jha"]
[Result "1/2-1/2"]
[WhiteElo "2319"]
[BlackElo "2465"]
[PlyCount "60"]
[EventDate "2011.01.08"]
[EventType "swiss"]
[EventRounds "11"]
[EventCountry "IND"]
[Source "Mark Crowther"]
[SourceDate "2011.01.17"]

1. e4 e5 2. Nf3 Nc6 3. Bb5 a6 4. Ba4 Nf6 5. O-O Be7 6. Re1 b5 7. Bb3 d6 8. c3
O-O 9. h3 Nb8 10. d4 Nbd7 11. Nbd2 Bb7 12. Bc2 Re8 13. Nf1 Bf8 14. Ng3 g6 15.
a4 Bg7 16. Bd3 c6 17. Be3 Nf8 18. Qc2 N6d7 19. Rad1 Qc7 20. Nh2 Ne6 21. Bf1 Nb6
22. a5 Nd7 23. b4 d5 24. Qb3 Kh8 25. Nf3 Rad8 26. Rc1 Qb8 27. Bd3 Rc8 28. Bb1
Qd6 29. Rcd1 Qf8 30. Bc1 f6 1/2-1/2

[Event "Parsvnath op"]
[Site "New Delhi IND"]
[Date "2011.01.10"]
[Round "5.37"]
[White "Upadhayay, R."]
[Black "Sai Krishna, GV."]
[Result "0-1"]
[WhiteElo "2095"]
[BlackElo "2319"]
[PlyCount "58"]
[EventDate "2011.01.08"]
[EventType "swiss"]
[EventRounds "11"]
[EventCountry "IND"]
[Source "Mark Crowther"]
[SourceDate "2011.01.17"]

1. Nf3 Nf6 2. g3 g6 3. Bg2 Bg7 4. O-O O-O 5. d3 d5 6. Nbd2 Nc6 7. e4 e5 8. c3
h6 9. Qb3 Rb8 10. exd5 Nxd5 11. Nxe5 Nxe5 12. Qxd5 Nxd3 13. Nb3 Be6 14. Qxd8
Rfxd8 15. Be4 b6 16. Bxd3 Rxd3 17. Bf4 g5 18. Be3 Rbd8 19. Rfe1 c5 20. f4 g4
21. Kf2 a5 22. Nc1 Rd1 23. a3 a4 24. Ne2 R1d3 25. Ng1 R8d5 26. Re2 Rh5 27. Ke1
Rxc3 28. Rd1 Rb3 29. Bc1 Bd4 0-1

[Event "Parsvnath op"]
[Site "New Delhi IND"]
[Date "2011.01.11"]
[Round "6"]
[White "Sai Krishna, GV."]
[Black "Kuzubov, Yuriy"]
[Result "0-1"]
[WhiteElo "2319"]
[BlackElo "2624"]
[PlyCount "93"]
[EventDate "2011.01.08"]
[EventType "swiss"]
[EventRounds "11"]
[EventCountry "IND"]
[Source "Mark Crowther"]
[SourceDate "2011.01.17"]

1. e4 e6 2. d4 d5 3. Nc3 Bb4 4. Nge2 dxe4 5. a3 Be7 6. Nxe4 Nc6 7. c3 Nf6 8.
Qc2 e5 9. dxe5 Nxe5 10. Nxf6+ Bxf6 11. Ng3 Qd5 12. Qe4 Be6 13. Be2 O-O-O 14.
O-O Qxe4 15. Nxe4 Be7 16. Be3 Nc4 17. Bxc4 Bxc4 18. Rfd1 b6 19. Rd2 a5 20. Rad1
Bb3 21. Rxd8+ Rxd8 22. Rxd8+ Kxd8 23. Kf1 Bd5 24. Nd2 Kd7 25. f3 Bd6 26. g3 Ke6
27. Ke2 f6 28. Kd3 Bb7 29. c4 h5 30. Ne4 Be7 31. Bf4 Kd7 32. h4 Bd8 33. Ke3 Ke6
34. g4 hxg4 35. fxg4 Ba6 36. c5 Kd5 37. cxb6 cxb6 38. h5 Bc8 39. Nf2 b5 40. h6
Bb6+ 41. Kf3 gxh6 42. Bxh6 a4 43. Bg7 Bd4 44. Ke2 Kc4 45. Ne4 Bxg4+ 46. Kd2
Bxb2 47. Nd6+ 0-1

[Event "Parsvnath op"]
[Site "New Delhi IND"]
[Date "2011.01.14"]
[Round "9"]
[White "Kravtsiv, Martyn"]
[Black "Sai Krishna, GV."]
[Result "1-0"]
[WhiteElo "2566"]
[BlackElo "2319"]
[PlyCount "125"]
[EventDate "2011.01.08"]
[EventType "swiss"]
[EventRounds "11"]
[EventCountry "IND"]
[Source "Mark Crowther"]
[SourceDate "2011.01.17"]

1. e4 e5 2. Nf3 Nc6 3. Bc4 Nf6 4. Ng5 d5 5. exd5 Na5 6. Bb5+ c6 7. dxc6 bxc6 8.
Bd3 Bd6 9. O-O O-O 10. Nc3 Bc7 11. h3 h6 12. Nf3 Nd5 13. Re1 Re8 14. Bf1 f5 15.
d4 e4 16. Ne5 c5 17. Nxd5 Qxd5 18. c3 Be6 19. Bf4 Rad8 20. b4 g5 21. Qh5 gxf4
22. Qg6+ Kh8 23. Qxh6+ Kg8 24. Qg6+ Kh8 25. Qf6+ Kg8 26. bxa5 cxd4 27. cxd4
Qxd4 28. Qg6+ Kf8 29. Nc6 Qg7 30. Qxg7+ Kxg7 31. Nxd8 Rxd8 32. Red1 Re8 33.
Rab1 Bxa5 34. Rb7+ Kf6 35. Rxa7 Bb4 36. Ra6 Ke5 37. Rb1 Bc5 38. Rc6 Kd5 39. Bb5
Bd4 40. Rd1 Ke5 41. Bc4 Bd5 42. Rc5 Bxc5 43. Rxd5+ Kf6 44. Rxc5 Rd8 45. Bb3 Rd2
46. Kf1 Rb2 47. Rc1 Kg5 48. Bc4 e3 49. fxe3 fxe3 50. a4 Kf4 51. Ra1 Rf2+ 52.
Kg1 Rd2 53. a5 Kg3 54. Bf1 e2 55. Bxe2 Rxe2 56. Ra3+ Kf4 57. a6 Re8 58. a7 Ra8
59. Kf2 Ke4 60. Ra4+ Ke5 61. Kf3 Ke6 62. Kf4 Kf6 63. Ra6+ 1-0

[Event "Wch U14"]
[Site "Porto Carras GRE"]
[Date "2010.10.21"]
[Round "2"]
[White "Sai Krishna, GV."]
[Black "Kessler, Luca"]
[Result "1/2-1/2"]
[WhiteElo "2337"]
[BlackElo "2098"]
[PlyCount "125"]
[EventDate "2010.10.20"]
[EventType "swiss"]
[EventRounds "11"]
[EventCountry "GRE"]
[Source "ChessBase"]
[SourceDate "2011.11.26"]

1. e4 e5 2. Nf3 Nc6 3. Bb5 Nf6 4. O-O Nxe4 5. d4 Nd6 6. Bxc6 dxc6 7. dxe5 Nf5
8. Qxd8+ Kxd8 9. Nc3 Bd7 10. b3 h6 11. Bb2 b6 12. h3 Ne7 13. Rad1 Kc8 14. Nd4
c5 15. Nde2 Ng6 16. f4 h5 17. Nd5 Ne7 18. Ne3 Nf5 19. Rxd7 Nxe3 20. Rxf7 Nxf1
21. Kxf1 Kb7 22. e6 Re8 23. f5 h4 24. Nf4 Rh6 25. Ng6 Rxg6 26. fxg6 Bd6 27.
Bxg7 Rxe6 28. Bf6 Bg3 29. Bc3 Rxg6 30. Bd2 Re6 31. Rf3 a5 32. Be3 c4 33. Bf2
cxb3 34. cxb3 Bxf2 35. Kxf2 Re4 36. g4 hxg3+ 37. Kxg3 a4 38. h4 axb3 39. axb3
c5 40. h5 Ka6 41. Rf5 Re3+ 42. Rf3 Re4 43. h6 Re6 44. h7 Rh6 45. Rf7 Ka5 46.
Rb7 b5 47. Kg4 Kb4 48. Kg5 Rh1 49. Kg6 c4 50. bxc4 Kxc4 51. Rb8 b4 52. h8=Q
Rxh8 53. Rxh8 b3 54. Kf5 b2 55. Rb8 Kc3 56. Ke4 Kc2 57. Rc8+ Kd2 58. Rd8+ Kc1
59. Rc8+ Kd2 60. Rb8 Kc1 61. Kd3 b1=Q+ 62. Rxb1+ Kxb1 63. Kd4 1/2-1/2

[Event "Wch U14"]
[Site "Porto Carras GRE"]
[Date "2010.10.22"]
[Round "3"]
[White "Pirverdiyev, Agil Kamran Oglu"]
[Black "Sai Krishna, GV."]
[Result "1-0"]
[WhiteElo "2109"]
[BlackElo "2337"]
[PlyCount "89"]
[EventDate "2010.10.20"]
[EventType "swiss"]
[EventRounds "11"]
[EventCountry "GRE"]
[Source "ChessBase"]
[SourceDate "2011.11.26"]

1. e4 e5 2. Nf3 Nc6 3. Bb5 a6 4. Ba4 d6 5. Bxc6+ bxc6 6. d4 exd4 7. Nxd4 c5 8.
Nf3 g6 9. Bg5 f6 10. Bf4 Bg7 11. Nc3 Ne7 12. Qd2 h5 13. O-O-O Be6 14. Nd5 Qd7
15. Qa5 Ra7 16. Rhe1 O-O 17. Kb1 Rb8 18. Nxc7 Nc6 19. Qa3 Qxc7 20. Bxd6 Qb6 21.
Bxc5 Qb5 22. Bxa7 Nxa7 23. Nd4 Qb6 24. Nxe6 Qxe6 25. Qd6 Qc8 26. Qd7 Nc6 27.
Qxc8+ Rxc8 28. Rd7 Bf8 29. f4 Be7 30. h3 Kf7 31. c3 Ke6 32. Rd3 Bd8 33. f5+
gxf5 34. exf5+ Kxf5 35. Re8 Kg6 36. Rd6 Kf7 37. Rxc6 Rxc6 38. Rxd8 Kg6 39. g4
Rc4 40. Rd4 Rc5 41. Kc2 Kg5 42. Kd3 Re5 43. c4 Kh4 44. Rd5 Kxh3 45. Rxe5 1-0

[Event "Wch U14"]
[Site "Porto Carras GRE"]
[Date "2010.10.24"]
[Round "6"]
[White "Sai Krishna, GV."]
[Black "Aripov, Iskandar"]
[Result "1/2-1/2"]
[WhiteElo "2337"]
[BlackElo "2093"]
[PlyCount "100"]
[EventDate "2010.10.20"]
[EventType "swiss"]
[EventRounds "11"]
[EventCountry "GRE"]
[Source "ChessBase"]
[SourceDate "2011.11.26"]

1. e4 c5 2. Nf3 d6 3. d4 cxd4 4. Nxd4 Nf6 5. Nc3 g6 6. Be3 Bg7 7. f3 O-O 8. Qd2
Nc6 9. O-O-O Nxd4 10. Bxd4 Be6 11. Kb1 Qc7 12. h4 Rfc8 13. h5 Qa5 14. a3 Rab8
15. hxg6 fxg6 16. Bd3 Bf7 17. Bxf6 exf6 18. Nb5 Qb6 19. Be2 Rd8 20. Qf4 d5 21.
exd5 Rbc8 22. c4 f5 23. Qd2 a6 24. Nc3 Qf6 25. g4 b5 26. cxb5 axb5 27. Bxb5 Qb6
28. a4 Bxc3 29. bxc3 Rxd5 30. Qb2 fxg4 31. fxg4 Qf6 32. c4 Rxd1+ 33. Rxd1 Qxb2+
34. Kxb2 Bxc4 35. Bxc4+ Rxc4 36. a5 h5 37. gxh5 gxh5 38. Kb3 Rc6 39. Rh1 Rh6
40. Kb4 Kf7 41. Rc1 Rh8 42. a6 Kg6 43. Rc5 h4 44. Ka5 h3 45. Rc1 Kf5 46. a7 Kg4
47. Rb1 h2 48. Kb6 Kg3 49. Kb7 Rh7+ 50. Ka6 h1=Q 1/2-1/2

[Event "Wch U14"]
[Site "Porto Carras GRE"]
[Date "2010.10.26"]
[Round "7"]
[White "Ivekovic, Bozidar Jr"]
[Black "Sai Krishna, GV."]
[Result "1/2-1/2"]
[WhiteElo "2089"]
[BlackElo "2337"]
[PlyCount "44"]
[EventDate "2010.10.20"]
[EventType "swiss"]
[EventRounds "11"]
[EventCountry "GRE"]
[Source "ChessBase"]
[SourceDate "2011.11.26"]

1. e4 e5 2. Nf3 Nc6 3. Bb5 a6 4. Ba4 Nf6 5. O-O Be7 6. Re1 b5 7. Bb3 d6 8. c3
O-O 9. h3 Nd7 10. d4 Bf6 11. d5 Ne7 12. Nbd2 g6 13. Nf1 Bg7 14. Ng3 Bb7 15. Bc2
Nb6 16. b3 f5 17. Ng5 f4 18. Ne6 fxg3 19. fxg3 Qd7 20. Nxf8 Rxf8 21. Be3 Nec8
22. Qd3 c5 1/2-1/2

[Event "Wch U14"]
[Site "Porto Carras GRE"]
[Date "2010.10.29"]
[Round "10"]
[White "Sai Krishna, GV."]
[Black "Usmanov, Vasily"]
[Result "1-0"]
[WhiteElo "2337"]
[BlackElo "2219"]
[PlyCount "107"]
[EventDate "2010.10.20"]
[EventType "swiss"]
[EventRounds "11"]
[EventCountry "GRE"]
[Source "ChessBase"]
[SourceDate "2011.11.26"]

1. e4 c5 2. Nf3 d6 3. d4 cxd4 4. Nxd4 Nf6 5. Nc3 Nc6 6. Bg5 Bd7 7. Qd2 Rc8 8.
O-O-O Nxd4 9. Qxd4 Qa5 10. Bd2 a6 11. Kb1 Qc5 12. Qxc5 Rxc5 13. f3 g6 14. Be3
Rc6 15. g4 h6 16. h4 Bg7 17. Be2 Be6 18. Nd5 Bxd5 19. exd5 Rc7 20. c4 h5 21.
Bb6 Rc8 22. Bd4 Kf8 23. g5 Nd7 24. Be3 f5 25. gxf6 exf6 26. Rh2 Kf7 27. Rg1 Bh6
28. f4 f5 29. Rhg2 Rhg8 30. b4 Nf6 31. c5 Rce8 32. Bd4 Ng4 33. cxd6 Bxf4 34. d7
Re4 35. Bc5 Bc7 36. Bf3 Re5 37. d6 Bd8 38. Bxb7 Bxh4 39. Bxa6 Rb8 40. Rc2 Rxc5
41. Rxc5 Rxb4+ 42. Kc2 Ke6 43. Kc3 Rb6 44. Bb5 Ne5 45. a4 Rxd6 46. Rc8 Kf7 47.
a5 Bf6 48. Kc2 Nf3 49. Rd1 Nd4+ 50. Rxd4 Rxd4 51. a6 Rh4 52. a7 Rh2+ 53. Kd3
Ra2 54. Bc4+ 1-0

[Event "Wch U14"]
[Site "Porto Carras GRE"]
[Date "2010.10.30"]
[Round "11"]
[White "Georgiadis, Nico"]
[Black "Sai Krishna, GV."]
[Result "1/2-1/2"]
[WhiteElo "2262"]
[BlackElo "2337"]
[PlyCount "107"]
[EventDate "2010.10.20"]
[EventType "swiss"]
[EventRounds "11"]
[EventCountry "GRE"]
[Source "ChessBase"]
[SourceDate "2011.11.26"]

1. e4 e5 2. Nf3 Nc6 3. Bb5 a6 4. Ba4 Nf6 5. d4 exd4 6. O-O Be7 7. e5 Ne4 8.
Nxd4 Nxd4 9. Qxd4 Nc5 10. Nc3 O-O 11. Bg5 Bxg5 12. Qxc5 Be7 13. Qe3 d5 14. Rad1
c6 15. Ne2 Qc7 16. Bb3 b5 17. f4 Bg4 18. Rd2 f6 19. Nd4 Bc5 20. exf6 Rxf6 21.
c3 Raf8 22. Rdf2 Bf5 23. Bd1 Qf7 24. g4 Be4 25. g5 Re6 26. Bg4 Ree8 27. Qd2 g6
28. h4 Bb6 29. Kh2 c5 30. Ne2 Bc7 31. Ng3 c4 32. Kh3 Bd3 33. Re1 Rxe1 34. Qxe1
Re8 35. Qd2 Qe7 36. h5 Bb6 37. Rf3 Qf7 38. h6 Bc7 39. Qf2 Be4 40. Nxe4 dxe4 41.
Re3 Bb6 42. Qg3 Bxe3 43. Qxe3 Qd5 44. Qa7 Qf7 45. Qe3 Qe7 46. Kh4 Rd8 47. a4
Kf7 48. axb5 axb5 49. f5 Qe5 50. f6 Kg8 51. Qa7 Qh2+ 52. Bh3 Qf4+ 53. Bg4 Qh2+
54. Bh3 1/2-1/2

[Event "SCS op"]
[Site "Bhubaneswar IND"]
[Date "2010.05.22"]
[Round "2"]
[White "Sai Krishna, GV."]
[Black "Sriram, Jha"]
[Result "1/2-1/2"]
[WhiteElo "2282"]
[BlackElo "2507"]
[PlyCount "116"]
[EventDate "2010.05.22"]
[EventType "swiss"]
[EventRounds "11"]
[EventCountry "IND"]
[Source "Mark Crowther"]
[SourceDate "2010.05.31"]

1. e4 Nc6 2. Nf3 d6 3. d4 Nf6 4. Nc3 Bg4 5. Be3 e6 6. h3 Bh5 7. Bb5 a6 8. Ba4
Rb8 9. d5 exd5 10. g4 b5 11. exd5 Bg6 12. dxc6 bxa4 13. Qd4 Rxb2 14. g5 Be7 15.
Nd5 Nxd5 16. Qxg7 Rf8 17. Qxb2 Be4 18. Ke2 Nxe3 19. fxe3 Bxc6 20. Rhg1 Qc8 21.
Qb4 Qxh3 22. Qg4 Qxg4 23. Rxg4 Rg8 24. Rh1 Rg7 25. Rh5 f6 26. Rgh4 fxg5 27.
Rxh7 gxh4 28. Rxg7 Bd5 29. Rg4 a3 30. Ra4 Bxa2 31. Rxa3 Bc4+ 32. Kf2 d5 33. Ra1
Bf6 34. Rg1 a5 35. Nd4 a4 36. Rg8+ Kd7 37. Ra8 c5 38. Ra7+ Kd6 39. Nf5+ Ke6 40.
Nh6 Bb5 41. Ra5 Bd7 42. Rxc5 Bd8 43. c4 dxc4 44. Nf5 a3 45. Nd4+ Kf7 46. Rxc4
a2 47. Nc2 Bf6 48. Rc7 Ke8 49. Ra7 Be6 50. Nd4 Bxd4 51. exd4 Bd5 52. Kg1 Kd8
53. Kh2 Be6 54. Ra5 Kc7 55. Rxa2 Bxa2 56. Kh3 Kd6 57. Kxh4 Kd5 58. Kg5 Kxd4
1/2-1/2

[Event "SCS op"]
[Site "Bhubaneswar IND"]
[Date "2010.05.29"]
[Round "10"]
[White "Sai Krishna, GV."]
[Black "Konguvel, Ponnuswamy"]
[Result "1/2-1/2"]
[WhiteElo "2282"]
[BlackElo "2412"]
[PlyCount "64"]
[EventDate "2010.05.22"]
[EventType "swiss"]
[EventRounds "11"]
[EventCountry "IND"]
[Source "Mark Crowther"]
[SourceDate "2010.05.31"]

1. e4 c5 2. Nf3 d6 3. d4 cxd4 4. Nxd4 Nf6 5. Nc3 g6 6. Be3 Bg7 7. f3 Nc6 8. Qd2
O-O 9. O-O-O d5 10. exd5 Nxd5 11. Nxc6 bxc6 12. Bd4 Bxd4 13. Qxd4 Qb6 14. Na4
Qa5 15. b3 Qc7 16. Bc4 Rd8 17. h4 Bf5 18. Rde1 Nb6 19. Qe5 Qxe5 20. Rxe5 Nxc4
21. bxc4 Rd4 22. Nb2 Be6 23. Rc5 Rc8 24. g3 f6 25. Re1 Kf7 26. Re3 Rc7 27. Rd3
Rd6 28. Ra3 Bc8 29. Nd3 e5 30. Kd2 Bf5 31. Rca5 Rdd7 32. Ke3 Bxd3 1/2-1/2

[Event "SCS op"]
[Site "Bhubaneswar IND"]
[Date "2010.05.30"]
[Round "11"]
[White "Czebe, Attila"]
[Black "Sai Krishna, GV."]
[Result "1-0"]
[WhiteElo "2480"]
[BlackElo "2282"]
[PlyCount "71"]
[EventDate "2010.05.22"]
[EventType "swiss"]
[EventRounds "11"]
[EventCountry "IND"]
[Source "Mark Crowther"]
[SourceDate "2010.05.31"]

1. d4 Nf6 2. g3 g6 3. Bg2 Bg7 4. e4 d6 5. Ne2 O-O 6. O-O e5 7. h3 Nc6 8. Be3
Nd7 9. c3 f5 10. dxe5 dxe5 11. Na3 Kh8 12. exf5 gxf5 13. f4 Qe7 14. Nc4 e4 15.
Nd4 Nc5 16. Nxc6 bxc6 17. Ne5 Bxe5 18. fxe5 Nd3 19. Qh5 c5 20. Bxe4 Qxe5 21.
Bxa8 Qxg3+ 22. Kh1 Qxe3 23. Qh4 Qe5 24. Rad1 Ba6 25. Bf3 Qe3 26. Be4 Ne5 27.
Rde1 Be2 28. Bg2 Nd3 29. Rf3 Qd2 30. Rxd3 Bxd3 31. Re8 Kg7 32. Qg3+ Kf7 33.
Qxc7+ Kg6 34. Rxf8 Qc1+ 35. Kh2 Qf4+ 36. Qxf4 1-0